| 000 | 00760nam a22002177a 4500 | ||
|---|---|---|---|
| 003 | 0 | ||
| 005 | 20241226100118.0 | ||
| 008 | 241226b xxu||||| |||| 00| 0 eng d | ||
| 020 | _a978-1-975233-89-1 | ||
| 050 |
_aRT 73 _b.J44 2025 |
||
| 100 | _aJeffries, Pamela R. | ||
| 245 |
_aA practical guide for nurse practitioner faculty using simulation in competency-based education _cPamela R. Jeffries |
||
| 250 | _aFirst, International Edition | ||
| 260 |
_aNetherlands _bWolters Kluwer _cc2025 |
||
| 300 |
_axxv, 303 pages ; _b24cm. |
||
| 504 | _aIncludes bibliographical references and index. | ||
| 650 | _aEducation, nursing methods. | ||
| 650 | _aCompetency-based education--methods. | ||
| 650 | _aNurse practitioner method. | ||
| 942 |
_2lcc _cBK |
||
| 999 |
_c366827 _d366827 |
||